The fruit maths - Statistics

General Stats
  • This quiz has been taken 977 times
    975 since last reset
  • The average score is 3 of 5
Answer Stats
Question Answer % Correct
If 4 lemon X 1 apple = 40, what is lemon? 1
100%
If 3 apples = 30, what is apple? 10
97%
If 2 bananas + 1apple = 42, what is banana? 16
57%
3 carrot - 3 bananas = 72, what is carrot? 8
12%
What is: Apple+ banana+carrot+lemon 35
4%
No matching quizzes found
Score Distribution
Percent of People with Each Score
Percentile by Number Answered
Your Score History
You have not taken this quiz since the last reset